000 00291nam a22001457a 4500
003 SGT
082 _a330,BHU
100 _aBHUTANI,P.J
245 _aPRINCIPLES OF ECONOMICS
250 _a4TH
260 _aNEW DELHI
_bTAXMAN
_c2008
300 _a526
650 _aECONOMICS
942 _2ddc
_cBK
999 _c9593
_d9593